Grecja - podział administracyjny Grecji (Regiony Grecji) - Mapa - Statystyki

Ogólne statystyki
  • Ten quiz został rozwiązany 470 razy
  • Średni wynik to 7 z 14
Odpowiedzi na mapie
Odpowiedzi zakodowano w zielono-czerwonej skali na mapie do tego quizu, zgodnie z poniższymi procentami.
 
Statystyki odpowiedzi
Region Siedziba % Poprawnych
Attyka Ateny
94%
Kreta Heraklion
88%
Macedonia Środkowa Saloniki
67%
Peloponez Tripoli
53%
Wyspy Jońskie Korfu
50%
Epir Janina
48%
Macedonia Zachodnia Kozani
41%
Grecja Zachodnia Patras
36%
Grecja Środkowa Lamia
34%
Athos Karies
33%
Tesalia Larisa
33%
Wyspy Egejskie Północne Mitylena
28%
Wyspy Egejskie Południowe Ermupoli
28%
Macedonia Wschodnia i Tracja Komotini
17%
Nie znaleziono quizów pasujących do podanych kryteriów
Rozkład punktacji
Procent ludzi z każdym wynikiem
Percentyl według liczby udzielonych odpowiedzi
Twoja historia wyników
Nie rozwiązałeś tego quizu